[Event "Tournament"]
[Site "Cuba"]
[Round "0"]
[White "Lopez Carlos Manuel (CUB)"]
[Black "Lebredo Gerardo (CUB)"]
[Result "1-0"]
[WhiteElo "2316"]
[BlackElo "2240"]

1.Nf3 Nf6 2.c4 d6 3.d4 Bg4 4.Nc3 c6 5.e4 Nbd7 6.Be2 e5 7.O-O Be7 8.Be3 O-O
9.d5 cxd5 10.cxd5 Qa5 11.Nd2 Bxe2 12.Qxe2 Rfc8 13.Rfc1 Nc5 14.a3 Na4 15.Nd1 a6
16.f3 Nd7 17.Kf1 Qd8 18.b3 Nac5 19.Nb2 Nf8 20.b4 Ncd7 21.Nbc4 Rc7 22.Nb3 Rac8
23.Ra2 Bg5 24.Bxg5 Qxg5 25.Rac2 Qh6 26.g3 Qg6 27.Ne3 Rxc2 28.Rxc2 Rxc2 29.Qxc2
Qf6 30.Kg2 Qd8 31.Na5 Qb6 32.Nf5 g6 33.Ne7+ Kg7 34.Nc8 Qd4 35.Nxd6 b6 36.Nc6
Qa1 37.a4 h5 38.Nc4 b5 {#r} 1-0

[Event "Ch Czechoslovakia (team) 1991/92"]
[Site "Czechoslovakia"]
[Round "0"]
[White "Ftacnik Lubomir (SVK)"]
[Black "Mrva Martin (SVK)"]
[Result "0-1"]
[WhiteElo "2535"]
[BlackElo "2470"]

1.d4 Nf6 2.Nf3 d6 3.c4 Bg4 4.Qb3 Nbd7 5.Qxb7 c5 6.Nbd2 Nb6 7.Qa6 cxd4 8.Nxd4
e5 9.Nb5 d5 10.Qb7 Rc8 11.cxd5 Nfxd5 12.a3 a6 13.Qxa6 Bb4 14.Nc3 O-O 15.Nxd5
Qxd5 16.Qd3 Qa5 17.Rb1 Rfd8 18.axb4 Qxb4 19.Qe3 Bf5 20.Ra1 Qa5 21.g4 Qxa1
22.Nb3 Bc2 {#R} 0-1

[Event "Ch Denmark (team) 1992/93"]
[Site "Denmark"]
[Round "3"]
[White "Pedersen Erik (DEN)"]
[Black "Bangsbro Allan (DEN)"]
[Result "1/2-1/2"]
[WhiteElo "2399"]
[BlackElo "2146"]

1.d4 Nf6 2.Nf3 d6 3.c4 Bg4 4.Qb3 Qc8 5.h3 Bxf3 6.Qxf3 e5 7.d5 c5 8.Nc3 Nbd7
9.e4 g6 10.Bd3 Bg7 11.O-O O-O 12.a3 Kh8 13.b4 Ng8 14.Bb2 Ne7 15.Qe2 f5 16.f4
b6 17.exf5 gxf5 18.fxe5 Nxe5 19.Nb5 Qd7 20.Rae1 N7g6 21.bxc5 {#d} 1/2-1/2

[Event "It (open)"]
[Site "Dortmund (Germany)"]
[Round "6"]
[White "Modr Bretislav (CZE)"]
[Black "Krasenkow Michal (POL)"]
[Result "0-1"]
[WhiteElo "2315"]
[BlackElo "2495"]

1.d4 d6 2.Nf3 Bg4 3.c4 Nf6 4.Nc3 e6 5.g3 Bxf3 6.exf3 Be7 7.Bg2 c6 8.O-O d5
9.Qb3 Qd7 10.c5 O-O 11.Re1 Na6 12.Bf4 Nh5 13.Be3 e5 14.Na4 exd4 15.Bxd4 Nc7
16.Qd3 Rfe8 17.Re5 g6 18.Rae1 Bf6 19.Rxe8+ Rxe8 20.Rxe8+ Nxe8 21.Be3 Nhg7
22.Bf1 Ne6 23.f4 N8g7 24.b4 Nf5 25.Bd2 h5 26.Nc3 a5 27.a3 axb4 28.axb4 Qe8
29.Ne2 Qa8 30.Bh3 Qa1+ 31.Kg2 Qd1 32.Bxf5 gxf5 33.Nc3 Qb3 34.Qb1 Qc4 35.Nd1
Qe2 36.Qc1 Nd4 37.Nc3 Qf3+ 38.Kf1 Nb3 {#R} 0-1

[Event "It (open)"]
[Site "Gausdal (Norway)"]
[Round "9"]
[White "Anstad Tor (NOR)"]
[Black "Fries-Nielsen Jens Ove (DEN)"]
[Result "0-1"]
[WhiteElo "2290"]
[BlackElo "2385"]

1.Nf3 Nf6 2.c4 d6 3.d4 Bg4 4.Qb3 Qc8 5.g3 g6 6.Bg2 c6 7.Nc3 Bg7 8.e4 O-O 9.Be3
Na6 10.Nd2 Rb8 11.O-O Bd7 12.f3 c5 13.d5 Nc7 14.a4 b6 15.Qc2 a6 16.Ra2 e5
17.dxe6 Nxe6 18.Qd3 Bc6 19.Nd5 Qd8 20.Rb1 Nd7 21.b4 Nd4 22.f4 b5 23.axb5 axb5
24.cxb5 Bxb5 25.Qa3 Bc6 26.Qd3 Re8 27.Kh1 Bxd5 28.exd5 Nf5 29.Bg1 cxb4 30.Ne4
Nf6 31.Ng5 h6 32.Nf3 Ne4 33.Re2 Nexg3+ {#R} 0-1

[Event "Bundesliga 1991/92"]
[Site "Germany"]
[Round "0"]
[White "Muse Drazen (CRO)"]
[Black "Lorenz Sascha (GER)"]
[Result "0-1"]
[WhiteElo "2388"]
[BlackElo "2272"]

1.d4 Nf6 2.Nf3 d6 3.c4 Bg4 4.Qb3 Qc8 5.Bg5 Nbd7 6.Nbd2 h6 7.Be3 c6 8.h3 Bf5
9.g4 Bh7 10.Bf4 e6 11.e3 Ne4 12.Bd3 Nec5 13.dxc5 Nxc5 14.Qc3 Nxd3+ 15.Kf1 Nxf4
16.exf4 Qd8 17.Re1 Be7 18.f5 e5 19.c5 f6 20.cxd6 Qxd6 21.Kg2 O-O-O 22.Ne4 Qd5
23.Nh4 Rd7 24.a3 Rhd8 25.Re2 Qb5 26.Qc2 Bg8 27.Nc3 Qc4 28.Ng6 Bc5 29.Rc1 Bd4
30.Rd2 Bxc3 31.Rxd7 Rxd7 32.Qxc3 Bd5+ 33.Kg3 Qa4 34.Qc5 Bf7 35.b3 Rd3+ 36.Kh2
Qxb3 37.Qf8+ Kc7 38.Nh8 Rxh3+ 39.Kg1 Bd5 40.Qe7+ Kb6 {#R} 0-1

[Event "It (open)"]
[Site "Giessen (Germany)"]
[Round "0"]
[White "Liebergesell Andreas (GER)"]
[Black "Claassen Joerg (GER)"]
[Result "1/2-1/2"]
[WhiteElo "2207"]
[BlackElo "2213"]

1.d4 Nf6 2.c4 d6 3.Nf3 Bg4 4.Nc3 Nbd7 5.e4 e5 6.Be3 Be7 7.d5 Nc5 8.Qc2 a5
9.Bxc5 Bxf3 10.Be3 Bg4 11.Bd3 O-O 12.O-O Bd7 13.f3 Nh5 14.g3 Bg5 15.Bf2 b6
16.Qd1 g6 17.Bc2 Bh6 18.Re1 Qf6 19.a3 Ng7 20.Qd3 Qe7 21.b4 f5 22.c5 fxe4
23.Nxe4 Bf5 24.cxb6 cxb6 25.Bxb6 axb4 26.axb4 Qb7 27.Be3 Bxe3+ 28.Qxe3 Qxb4
{#d} 1/2-1/2

[Event "Ch Club"]
[Site "Helsinki (Finland)"]
[Round "0"]
[White "Meskanen Vesa (FIN)"]
[Black "Hermlin Aarne (EST)"]
[Result "0-1"]
[WhiteElo "2065"]
[BlackElo "2233"]

1.d4 d6 2.Nf3 Bg4 3.c4 Nf6 4.Nc3 Nbd7 5.e4 e5 6.Be2 Be7 7.O-O O-O 8.Be3 c6
9.Nd2 Bxe2 10.Qxe2 Re8 11.f4 Bf8 12.fxe5 dxe5 13.d5 a5 14.Na4 Rb8 15.Bg5 h6
16.Bh4 Be7 17.Qf3 b5 18.dxc6 bxa4 19.cxd7 Qxd7 20.Bxf6 Bxf6 21.Nb1 Qd4+ 22.Kh1
Qxc4 23.Nc3 Rxb2 24.Nd5 Re6 25.Rac1 Rc2 26.Ne3 Rxc1 27.Nxc4 Rxc4 28.h3 Rd6
29.Rb1 Rb4 30.Rc1 g6 31.Rc8+ Kg7 32.Ra8 Bg5 33.Qa3 Rd1+ 34.Kh2 Bf4+ 35.g3 Rd2+
{#R} 0-1

[Event "Ch Helsinki"]
[Site "Helsinki (Finland)"]
[Round "6"]
[White "Kekki Jorma (FIN)"]
[Black "Valkesalmi Kimmo (FIN)"]
[Result "1-0"]
[WhiteElo "2100"]
[BlackElo "2367"]

1.d4 Nf6 2.Nf3 d6 3.c4 Bg4 4.Nc3 Bxf3 5.exf3 g6 6.Be3 Bg7 7.Qd2 c6 8.Bd3 Nbd7
9.O-O-O c5 10.d5 Ne5 11.Be2 h5 12.h3 a6 13.f4 Ned7 14.g4 Qa5 15.g5 Nh7 16.Qc2
Rb8 17.a4 Nhf8 18.Bd2 Nb6 19.b3 Nc8 20.Bd3 Qc7 21.f5 gxf5 22.Bxf5 Na7 23.Bd3
Qd7 24.Rde1 Kd8 25.f4 Bd4 26.f5 h4 27.Re4 b5 28.cxb5 axb5 29.Nxb5 Nxb5 30.Bxb5
Rxb5 31.axb5 Qxf5 32.Rhe1 Ng6 33.Qa2 Qxd5 34.Qa7 e5 35.b6 Nf8 36.Qc7+ Ke8
37.b7 Nd7 38.b8=Q+ Nxb8 39.Qxb8+ Kd7 40.Qxh8 Qxb3 41.Rxd4 {#r} 1-0

[Event "It (open)"]
[Site "Ikaria (Greece)"]
[Round "0"]
[White "Velikov Petar (BUL)"]
[Black "Stavrou Hristos (GRE)"]
[Result "1-0"]
[WhiteElo "2417"]
[BlackElo "2140"]

1.Nf3 d6 2.c4 Nf6 3.d4 Bg4 4.Qb3 Qc8 5.Nbd2 Nbd7 6.h3 Bxf3 7.Nxf3 e6 8.Bf4 Be7
9.e3 Ne4 10.Bd3 f5 11.g4 Ndf6 12.Rg1 g6 13.Qc2 c5 14.O-O-O Qd7 15.g5 Nh5
16.Bxe4 fxe4 17.Qxe4 Rc8 18.Kb1 O-O 19.Nh2 Ng7 20.Ng4 Kh8 21.Nf6 Qd8 22.Qxb7
cxd4 23.Rxd4 Rb8 24.Qe4 e5 25.Bxe5 Qb6 26.Rd2 dxe5 27.Nd7 Qb4 28.Rgd1 Rfd8
29.a3 Qa5 30.Rd5 Rxb2+ 31.Kxb2 Qxa3+ 32.Kc2 Bb4 33.Qxe5 Qa2+ 34.Kd3 Qb3+
35.Ke2 Qxc4+ 36.Kf3 Qc6 37.Qf6 Qc7 38.Kg2 Ba5 39.Ne5 Re8 40.Rd8 {#r} 1-0

[Event "It"]
[Site "Kecskemet (Hungary)"]
[Round "0"]
[White "Groszpeter Attila (HUN)"]
[Black "Schmidt Peter (GER)"]
[Result "1-0"]
[WhiteElo "2520"]
[BlackElo "1923"]

1.d4 d6 2.Nf3 Bg4 3.c4 Nf6 4.Qb3 Qc8 5.h3 Bxf3 6.Qxf3 g6 7.g3 Bg7 8.Bg2 c6
9.O-O O-O 10.Nc3 Nbd7 11.Rb1 e5 12.e3 Re8 13.Bd2 Nb6 14.b3 exd4 15.exd4 d5
16.Qd3 c5 17.Nxd5 cxd4 18.Nxf6+ Bxf6 19.Qf3 Re6 20.Rfe1 Rb8 21.Bf4 Ra8 22.Qxb7
Qxb7 23.Bxb7 Rae8 24.Kf1 R8e7 25.Rxe6 fxe6 26.Be4 e5 27.Bd2 Rc7 28.Ke2 Be7
29.Kd3 g5 30.b4 Kg7 31.c5 Na4 32.Bd5 a5 33.a3 axb4 34.axb4 Kg6 35.Ra1 Nb2+
36.Kc2 {#r} 1-0

[Event "Ch Argentina (qual)"]
[Site "La Plata (Argentina)"]
[Round "0"]
[White "Filgueira Hernan (ARG)"]
[Black "Slipak Sergio (ARG)"]
[Result "1/2-1/2"]
[WhiteElo "2308"]
[BlackElo "2432"]

1.Nf3 Nf6 2.c4 d6 3.d4 Bg4 4.Nc3 c6 5.e4 e5 6.Be3 Nbd7 7.Be2 Be7 8.d5 c5 9.Nd2
Bxe2 10.Qxe2 O-O 11.g4 Ne8 12.Nf3 Nc7 13.a4 b6 14.h4 Re8 15.g5 Nf8 16.h5 a6
17.Rg1 Qd7 18.Nh2 b5 19.Ng4 bxc4 20.Qf3 Reb8 21.Rb1 Rb7 22.g6 {#d} 1/2-1/2

[Event "It (open)"]
[Site "Leukerbad (Switzerland)"]
[Round "0"]
[White "Horvath Gyula (HUN)"]
[Black "Abel Lajos (HUN)"]
[Result "1-0"]
[WhiteElo "2364"]
[BlackElo "2251"]

1.d4 Nf6 2.Nf3 d6 3.c4 Bg4 4.Qb3 Qc8 5.h3 Bxf3 6.Qxf3 e5 7.d5 Be7 8.e4 Nbd7
9.Nc3 a5 10.Be3 O-O 11.g4 Nc5 12.O-O-O c6 13.Bxc5 dxc5 14.d6 Bd8 15.g5 Nd7
16.h4 b6 17.Bh3 Ra7 18.g6 hxg6 19.Rdg1 Qb8 20.h5 Qxd6 21.hxg6 fxg6 22.Qg4 Rf4
23.Rd1 Rxg4 24.Rxd6 Bg5+ 25.Kb1 Rh4 26.Be6+ Kf8 27.Rxh4 Ke7 28.Rxd7+ Rxd7
29.Bxd7 Bxh4 30.Bxc6 Bxf2 31.Nd5+ {#r} 1-0

[Event "It (b)"]
[Site "Oslo (Norway)"]
[Round "0"]
[White "Butnorius Algimantas (LTU)"]
[Black "Johannessen Svein (NOR)"]
[Result "1-0"]
[WhiteElo "2425"]
[BlackElo "2273"]

1.Nf3 Nf6 2.c4 d6 3.d4 Bg4 4.Qb3 Bxf3 5.Qxf3 Nc6 6.d5 Ne5 7.Qb3 Qc8 8.Nc3 g6
9.e4 Bg7 10.Be2 O-O 11.O-O c6 12.Be3 Ned7 13.Rad1 a6 14.Rc1 Qc7 15.Qc2 Rfc8
16.Qd2 Qd8 17.f3 Qa5 18.a3 cxd5 19.exd5 Ne5 20.b4 Qd8 21.Na4 Nfd7 22.c5 a5
23.Bb5 axb4 24.axb4 dxc5 25.bxc5 Qa5 26.Qe2 Qb4 27.c6 bxc6 28.dxc6 Nxc6
29.Rxc6 Rcb8 30.Rc4 Rxb5 31.Rxb4 Rxb4 32.Qd1 Nf8 33.Nc5 Ra2 34.Nd3 Rc4 35.Nf2
Rcc2 36.Qd8 Re2 37.Bc5 Rad2 38.Qe8 h5 39.h4 Bf6 40.Kh1 Bxh4 41.Ne4 Rc2 42.Rd1
{#r} 1-0

[Event "It \"]
[Site "Philadelphia (USA)"]
[Round "0"]
[White "Baquero Luis A (COL)"]
[Black "Shirazi Kamran (FRA)"]
[Result "1/2-1/2"]
[WhiteElo "2252"]
[BlackElo "2450"]

1.d4 Nf6 2.Nf3 d6 3.c4 Bg4 4.Nc3 e6 5.e4 c5 6.d5 a6 7.h3 Bh5 8.dxe6 fxe6 9.Be2
Bxf3 10.Bxf3 Nc6 11.e5 Nxe5 12.Bxb7 Ra7 13.f4 Nfd7 14.O-O Rxb7 15.fxe5 Nxe5
16.Bf4 Nf7 17.Qg4 Qd7 18.Rae1 e5 19.Qh5 g6 20.Qd1 Bg7 21.Bc1 O-O 22.Qd5 Rc7
23.b3 Qc6 24.Qxc6 Rxc6 25.Rd1 Re8 26.Ne4 Rb6 27.Rd3 a5 28.Rdf3 Rb7 29.Nc3 Nd8
30.Be3 Ne6 {#d} 1/2-1/2

[Event "It (open) \"]
[Site "Polanica Zdroj (Poland)"]
[Round "3"]
[White "Matlak Marek (POL)"]
[Black "Swierczewski Marek (POL)"]
[Result "1-0"]
[WhiteElo "2486"]
[BlackElo "2159"]

1.d4 Nf6 2.Nf3 d6 3.c4 Bg4 4.Nc3 Nbd7 5.e4 e5 6.Be2 c6 7.Be3 Qc7 8.O-O Be7
9.d5 a5 10.Nd2 Bxe2 11.Qxe2 O-O 12.b3 h6 13.g3 Nh7 14.Rac1 Bg5 15.f4 exf4
16.gxf4 Bf6 17.Qd3 Rfe8 18.Ne2 c5 19.a4 Qc8 20.Kh1 Ndf8 21.Rg1 Bh4 22.Nf3 Qd8
23.e5 b6 24.Rg4 Ng6 25.e6 Qf6 26.Rcg1 Nhf8 27.f5 fxe6 28.dxe6 Ra7 29.Rxg6 Nxg6
30.Rxg6 Qa1+ 31.Rg1 Qf6 32.Nf4 Qd8 33.Nd5 Kh8 34.Rg6 {#r} 1-0

[Event "Ch Europe (juniors)"]
[Site "Rimavska Sobota (Slovakia)"]
[Round "0"]
[White "Halkias Stelios (GRE)"]
[Black "Nistiriuc Sergei (MDA)"]
[Result "1-0"]
[WhiteElo "2591"]
[BlackElo "2195"]

1.d4 d6 2.Nf3 Bg4 3.c4 Nf6 4.Nc3 c6 5.e4 Nbd7 6.Be2 Qa5 7.O-O e6 8.Bd2 Qc7
9.Rc1 Bh5 10.a3 Bg6 11.Bd3 d5 12.Qe2 dxe4 13.Nxe4 Nxe4 14.Bxe4 Bxe4 15.Qxe4
Nf6 16.Qh4 Be7 17.Bf4 Qb6 18.b4 a5 19.c5 Qd8 20.Bd2 axb4 21.axb4 Nd5 22.Qe4
O-O 23.Rb1 Nc7 {#r} 1-0

[Event "It (open)"]
[Site "Sitges (Spain)"]
[Round "2"]
[White "Molina Rodrigo (CHI)"]
[Black "Yewdokimov Oleg (RUS)"]
[Result "0-1"]
[WhiteElo "2100"]
[BlackElo "2360"]

1.d4 Nf6 2.Nf3 d6 3.c4 Bg4 4.Nc3 Nbd7 5.e4 e5 6.Be2 g6 7.d5 Nc5 8.Qc2 a5 9.O-O
Bg7 10.a3 a4 11.Be3 Nfd7 12.Nd2 Bxe2 13.Nxe2 O-O 14.b4 axb3 15.Nxb3 f5 16.Bxc5
dxc5 17.Nc3 Ra6 18.a4 Qh4 19.a5 g5 20.Nb5 Rh6 21.h3 g4 22.Kh2 f4 23.Nxc7 f3
24.Rh1 fxg2 25.Kxg2 gxh3+ 26.Kf1 Rhf6 27.Ra2 Qg4 28.Rh2 Rg6 {#R} 0-1

[Event "Memorial A.Alekhine (a)"]
[Site "Smolensk (Russia)"]
[Round "0"]
[White "Utemov Vladimir (RUS)"]
[Black "Berelovich Aleksandar (GER)"]
[Result "1-0"]
[WhiteElo "2430"]
[BlackElo "2285"]

1.Nf3 Nf6 2.c4 d6 3.d4 Bg4 4.Qb3 Qc8 5.Nbd2 Nbd7 6.h3 Bh5 7.g4 Bg6 8.Nh4 e5
9.Bg2 c6 10.e3 exd4 11.exd4 Be7 12.f4 Ng8 13.Nxg6 hxg6 14.O-O Qc7 15.g5 O-O-O
16.Ne4 Bf8 17.Qd3 Ne7 18.Ng3 Nb8 19.Bf3 Nd7 20.Kg2 Rh7 21.Bd2 Nf5 22.Nxf5 gxf5
23.Qxf5 g6 24.Qa5 Qb6 25.Qxb6 Nxb6 26.b3 Bg7 27.Be3 d5 28.c5 Nd7 29.Bf2 Rhh8
30.Rae1 Rhe8 31.h4 Nf8 32.Bg4+ Kb8 33.f5 gxf5 34.Bxf5 Ng6 35.h5 Nf8 36.Bg3+
Ka8 37.Bc7 Bxd4 38.Bxd8 Rxd8 39.Re7 {#r} 1-0

[Event "It"]
[Site "St. Petersburg (Russia)"]
[Round "0"]
[White "Naumkin Igor (RUS)"]
[Black "Zhuravliov Valerij (LAT)"]
[Result "1/2-1/2"]
[WhiteElo "2460"]
[BlackElo "2475"]

1.d4 Nf6 2.c4 d6 3.Nf3 Bg4 4.Qb3 Qc8 5.h3 Bxf3 6.Qxf3 c6 7.Nc3 Nbd7 8.e4 e5
9.Be3 Be7 10.Be2 Nf8 11.Rd1 Ng6 12.O-O O-O 13.Rd2 Re8 14.Qg3 Bd8 15.dxe5 dxe5
16.a3 Bc7 17.Bg4 {#d} 1/2-1/2

[Event "Tournament"]
[Site "Tampere (Finland)"]
[Round "5"]
[White "Kastinen Riku (FIN)"]
[Black "Karner Hillar (EST)"]
[Result "0-1"]
[WhiteElo "2028"]
[BlackElo "2251"]

1.d4 Nf6 2.Nf3 d6 3.c4 Bg4 4.e3 c6 5.Be2 e6 6.Nc3 Nbd7 7.h3 Bh5 8.O-O d5 9.b3
Bd6 10.Nd2 Bg6 11.Bb2 O-O 12.c5 Bc7 13.b4 e5 14.dxe5 Nxe5 15.Nf3 Qe7 16.Nd4
Nc4 17.Bxc4 dxc4 18.Re1 Rad8 19.Qf3 Rfe8 20.Rad1 Qe5 21.g3 h5 22.Qg2 Rxd4
23.Rxd4 Qxd4 24.exd4 Rxe1+ 25.Kh2 h4 26.Qf3 hxg3+ 27.fxg3 Ne4 28.Ne2 Nxg3
29.Nc3 Nf5+ {#R} 0-1

[Event "Ch Reinland"]
[Site "Trier (Germany)"]
[Round "0"]
[White "Schmidt Rainer (GER)"]
[Black "Schumacher Olaf (GER)"]
[Result "1-0"]
[WhiteElo "2177"]
[BlackElo "2219"]

1.d4 Nf6 2.c4 d6 3.Nf3 Bg4 4.Qb3 Qc8 5.Nc3 Nbd7 6.Bg5 Bxf3 7.gxf3 g6 8.Bh3 Qb8
9.O-O Bg7 10.Rad1 c6 11.e4 Qc7 12.Rfe1 O-O 13.e5 dxe5 14.Bxf6 Nxf6 15.dxe5 Nh5
16.Rd7 Qa5 17.Qa4 Qc5 18.Bf1 a5 19.Qd1 b5 20.cxb5 cxb5 21.Rd5 Qb4 22.Re4 Qxb2
23.Nxb5 Rfc8 24.Re2 Qc1 25.Rd8+ {#r} 1-0

[Event "It (open)"]
[Site "New Isenburg (Germany)"]
[Date "1992.04.24"]
[Round "3"]
[White "Dokhoian Yury (RUS)"]
[Black "Appel Ralf (GER)"]
[Result "1-0"]
[WhiteElo "2580"]
[BlackElo "2529"]

1.d4 Nf6 2.c4 d6 3.Nf3 Bg4 4.Qb3 Qc8 5.h3 Bxf3 6.Qxf3 g6 7.Bg5 Bg7 8.Nc3 Nbd7
9.e4 c5 10.d5 h6 11.Be3 a6 12.Qd1 O-O 13.Qd2 Kh7 14.Rc1 Ne8 15.Be2 Nc7 16.a4
b6 17.O-O Qb7 18.f4 Rad8 19.Kh1 Rfe8 20.Bd3 Qb8 21.Rf2 e6 22.dxe6 fxe6 23.f5
Ne5 24.Rcf1 Rd7 25.fxg6+ Kxg6 26.Bxh6 Qd8 27.Bxg7 Rxg7 28.Ne2 Qg5 29.Nf4+ Kh7
30.Be2 Rd8 31.Qc2 Rf8 32.Qd2 Ne8 33.Bd1 Rf6 34.Qe2 Rh6 35.Nh5 Re7 36.Rf4 Ng7
37.Nf6+ Kg6 38.Ng8 Nh5 39.Nxe7+ Kg7 40.Qxh5 Rxh5 41.Bxh5 Qxh5 42.Nc8 Nxc4
43.Rg4+ Kh7 44.Rff4 Qe8 45.Rh4+ Kg6 46.Rfg4+ Kf6 {#r} 1-0

[Event "It (open)"]
[Site "Alcobendas (Spain)"]
[Round "5"]
[White "Aranda Marin Cristian (ESP)"]
[Black "Urday Henry (PER)"]
[Result "0-1"]
[WhiteElo "2330"]
[BlackElo "2455"]

1.d4 Nf6 2.Nf3 d6 3.c4 Bg4 4.Nc3 Nbd7 5.e4 e5 6.d5 Nc5 7.Bd3 a5 8.b3 g6 9.O-O
Bg7 10.Rb1 Nh5 11.Bc2 Nf4 12.a3 O-O 13.b4 axb4 14.axb4 Nd7 15.Kh1 Qf6 16.Nb5
Rfc8 17.Rb3 g5 18.g3 Nh3 19.Kg2 Nf8 20.Qd3 Ng6 21.Ng1 Nxg1 22.Rxg1 Bd7 23.Qf3
Qe7 24.Rd1 f6 25.Rdd3 f5 26.Ra3 Rab8 27.Rdc3 g4 28.Qd3 f4 29.c5 Qf6 30.Na7 Rf8
31.Bb3 h5 32.Ra2 Be8 {#R} 0-1

[Event "It"]
[Site "Alushta (Ukraine)"]
[Round "0"]
[White "Tosic Miroslav (SRB)"]
[Black "Onoprienko Vladimir (RUS)"]
[Result "1-0"]
[WhiteElo "2465"]
[BlackElo "2290"]

1.d4 Nf6 2.c4 d6 3.Nf3 Bg4 4.Qb3 Qc8 5.g3 g6 6.Bg2 c6 7.Nbd2 Bg7 8.h3 Bd7
9.O-O O-O 10.Kh2 Na6 11.Qc3 c5 12.e4 b5 13.e5 Ne8 14.d5 Qb8 15.Re1 bxc4
16.Nxc4 Nec7 17.Qd2 Nb4 18.exd6 exd6 19.Ng5 Nxa2 20.Rxa2 Qb3 21.Qa5 Qxc4
22.Qxc7 Qxa2 23.Qxd7 Rad8 24.Qc7 Qa4 25.Re7 Rc8 26.Qxd6 Rfd8 27.Qf4 Qxf4
28.gxf4 a5 29.Nxf7 Re8 30.Ra7 Ra8 31.Rxa8 Rxa8 32.d6 Ra7 33.Ne5 Kf8 34.Be3
{#r} 1-0

[Event "It (open)"]
[Site "Catania (Italy)"]
[Round "0"]
[White "Lanzani Mario (ITA)"]
[Black "D'Amore Carlo (ITA)"]
[Result "0-1"]
[WhiteElo "2359"]
[BlackElo "2493"]

1.Nf3 Nf6 2.c4 d6 3.d4 Bg4 4.Qb3 Bxf3 5.Qxf3 Nc6 6.d5 Ne5 7.Qb3 Qc8 8.Nc3 g6
9.e4 Bg7 10.f4 Ned7 11.Qc2 c6 12.Be3 cxd5 13.exd5 O-O 14.Rc1 Ng4 15.Bg1 e5
16.Be2 f5 17.fxe5 Bxe5 18.Bxg4 fxg4 19.Ne2 Qd8 20.Bf2 Qa5+ 21.Nc3 Bxc3+
22.Qxc3 Rae8+ 23.Kf1 Qxa2 24.Kg1 Nf6 25.Bd4 Ne4 26.Qc2 Qa5 27.Rd1 Rf5 28.g3
Ng5 29.Kg2 Nf3 30.Bf2 Rfe5 31.h3 Re2 32.Qc1 Qc5 33.Rhf1 Rf8 34.b3 Ne1+ {#R}
0-1

[Event "Ch Yugoslavia (team)"]
[Site "Cetinje (Montenegro)"]
[Round "1"]
[White "Jakovljevic Vladan (SRB)"]
[Black "Markovic Miroslav (SRB)"]
[Result "0-1"]
[WhiteElo "2209"]
[BlackElo "2460"]

1.Nf3 Nf6 2.c4 d6 3.d4 Bg4 4.Nbd2 g6 5.g3 Bg7 6.Bg2 O-O 7.h3 Bf5 8.Nh4 Bc8
9.e4 Nbd7 10.O-O e5 11.dxe5 dxe5 12.b3 Re8 13.Ba3 Bf8 14.Bxf8 Nxf8 15.Qc2 Ne6
16.Rad1 Qe7 17.Nhf3 c5 18.Qb2 Nd4 19.Nxd4 cxd4 20.Qc2 b6 21.Qb2 Bb7 22.b4 Rac8
23.Rc1 Ba8 24.Rfe1 Red8 25.Bf1 h5 26.Bd3 h4 27.g4 Nh7 28.f3 Ng5 29.Kg2 Qf6
30.Be2 d3 {#R} 0-1

[Event "Extra League 1993/94"]
[Site "Czech Republic"]
[Round "4"]
[White "Tatarko Jan (CZE)"]
[Black "Knazovcik Ladislav (CZE)"]
[Result "1/2-1/2"]
[WhiteElo "2218"]
[BlackElo "2257"]

1.Nf3 Nf6 2.c4 d6 3.d4 Bg4 4.Nc3 Nbd7 5.g3 Bxf3 6.exf3 e5 7.d5 g6 8.f4 Bg7
9.Bg2 O-O 10.O-O exf4 11.Bxf4 Nb6 12.Qd3 Nfd7 13.b3 a5 14.Qd2 Re8 15.Rae1 Rxe1
16.Rxe1 a4 17.Bh6 axb3 18.axb3 Bxh6 19.Qxh6 Nc5 20.Bh3 Qf8 21.Qg5 Re8 22.Rb1
Ne4 23.Qe3 Nxc3 24.Qxc3 Qh6 25.Kg2 Qg7 26.Qxg7+ Kxg7 27.Ra1 f5 28.Ra7 Rb8
29.Kf3 h5 30.Ke3 Nd7 31.Kd4 Ne5 32.Bg2 Kf6 33.f4 c5+ 34.dxc6 Nxc6+ 35.Bxc6
bxc6 36.Rd7 Ke6 {#d} 1/2-1/2

[Event "Tournament (2)"]
[Site "Denmark"]
[Round "1"]
[White "Jelling Erik (DEN)"]
[Black "Fedder Steen (DEN)"]
[Result "1/2-1/2"]
[WhiteElo "2400"]
[BlackElo "2380"]

1.d4 Nf6 2.c4 d6 3.Nf3 Bg4 4.Qb3 Qc8 5.h3 Bxf3 6.Qxf3 Nc6 7.e3 g6 8.Nc3 Bg7
9.Qd1 O-O 10.Be2 a5 11.O-O Nb8 12.Rb1 Nbd7 13.a3 c6 14.b4 axb4 15.axb4 Qc7
16.Qb3 Rfc8 17.Bb2 Qd8 18.c5 d5 19.f4 b5 20.Ra1 Nf8 21.Bd3 Ne6 22.Qc2 Rxa1
23.Rxa1 Ra8 24.Qb1 g5 25.f5 Nc7 26.Ra2 g4 27.Rxa8 Qxa8 28.Qe1 gxh3 29.gxh3 Qc8
30.Bc1 Kh8 31.Bd2 Bh6 32.Qg3 Qg8 33.Qxg8+ Kxg8 34.Kf2 e6 35.Kf3 e5 36.dxe5 Nd7
37.e6 Ne5+ 38.Ke2 fxe6 39.fxe6 Nxd3 40.Kxd3 Nxe6 41.Ne2 Kf7 {#d} 1/2-1/2

[Event "It (open)"]
[Site "Dortmund (Germany)"]
[Round "5"]
[White "Andersen Daniel (DEN)"]
[Black "Mainka Gregor (GER)"]
[Result "0-1"]
[WhiteElo "1947"]
[BlackElo "2297"]

1.Nf3 Nf6 2.c4 d6 3.d4 Bg4 4.h3 Bxf3 5.exf3 Nbd7 6.Nc3 g6 7.Be2 Bg7 8.g4 e5
9.d5 a5 10.Ne4 Nxe4 11.fxe4 Bf6 12.Be3 Bg5 13.Qd2 Bxe3 14.Qxe3 Nc5 15.g5 h6
16.gxh6 Qh4 17.Bg4 Ke7 18.O-O-O Qxh6 19.Rde1 Nd3+ {#R} 0-1

[Event "It \"]
[Site "Europe"]
[Round "0"]
[White "Kolev Atanas (BUL)"]
[Black "Kolani Leonard (ALB)"]
[Result "1-0"]
[WhiteElo "2500"]
[BlackElo "2213"]

1.d4 d6 2.Nf3 Nf6 3.c4 Bg4 4.Qb3 Qc8 5.h3 Bd7 6.Nc3 a5 7.e4 a4 8.Qd1 c5 9.Bg5
h6 10.Be3 b6 11.d5 g5 12.Rc1 Bg7 13.Be2 O-O 14.Qd2 Na6 15.h4 g4 16.Nh2 Kh7
17.a3 Nc7 18.Bd3 Nfe8 19.e5+ Bf5 20.Nxg4 dxe5 21.Bxh6 Bxd3 22.Qxd3+ f5 23.Bxg7
Nxg7 24.Nxe5 Nce8 25.h5 Qc7 26.f4 Nd6 27.g4 Nf7 28.h6 Nxe5 29.hxg7+ Kxg7
30.fxe5 Qxe5+ 31.Kd2 {#r} 1-0

[Event "It (open) \"]
[Site "Farum (Denmark)"]
[Round "2"]
[White "Kaspersen Morten (DEN)"]
[Black "Danielsen Henrik (ISL)"]
[Result "0-1"]
[WhiteElo "2200"]
[BlackElo "2445"]

1.Nf3 Nf6 2.c4 d6 3.d4 Bg4 4.Nc3 Bxf3 5.gxf3 g6 6.f4 Nbd7 7.Bg2 c6 8.O-O Bg7
9.d5 cxd5 10.Nxd5 O-O 11.Rb1 Nxd5 12.Qxd5 Rb8 13.b3 a6 14.Bb2 Bxb2 15.Rxb2 b5
16.cxb5 Rxb5 17.Qd2 a5 18.Rc2 Nc5 19.Rfc1 Rb4 20.Rc4 Qb6 21.f5 Rb8 22.Rxb4
Qxb4 23.Qg5 e6 24.fxe6 Nxe6 25.Qe3 Re8 26.Rc4 Qe1+ 27.Bf1 Qa1 28.Qd2 d5 29.Rc1
Qe5 30.e3 d4 31.Re1 Nf4 32.Bg2 h5 33.Kf1 Qb5+ 34.Kg1 dxe3 35.Rxe3 Qg5 36.Rxe8+
Kh7 37.Rh8+ Kxh8 38.Qd4+ Kh7 39.Qe4 h4 40.Kf1 Qf6 41.Qb1 Qe5 42.Bf3 Qc3 43.Ba8
Qc8 44.Be4 Qa6+ 45.Kg1 Qe2 {#R} 0-1

[Event "It (open)"]
[Site "Forli (Italy)"]
[Round "6"]
[White "Gaido Paolo (ITA)"]
[Black "De Gregorio Massimiliano (ITA)"]
[Result "1/2-1/2"]
[WhiteElo "2034"]
[BlackElo "2131"]

1.Nf3 d6 2.d4 Nf6 3.c4 Bg4 4.Nc3 Nc6 5.d5 Ne5 6.Nxe5 dxe5 7.f3 Bd7 8.e4 e6
9.Be2 Bc5 10.Bg5 h6 11.Bh4 c6 12.Qb3 g5 13.Bf2 Bd4 14.O-O O-O 15.c5 exd5
16.exd5 Nxd5 17.Nxd5 Be6 18.Bxd4 exd4 19.Rfd1 Qxd5 20.Qxd5 Bxd5 21.Rxd4 Rfe8
22.Kf2 Re7 23.b4 b6 24.cxb6 axb6 25.b5 Ra3 26.bxc6 Bxc6 27.Bc4 Rc3 28.Bb3 Kg7
29.Re1 Rxe1 30.Kxe1 {#d} 1/2-1/2

[Event "Bundesliga 1993/94"]
[Site "Germany"]
[Round "0"]
[White "Jasnikowski Zbigniew (POL)"]
[Black "Appel Ralf (GER)"]
[Result "1-0"]
[WhiteElo "2460"]
[BlackElo "2529"]

1.d4 Nf6 2.c4 d6 3.Nf3 Bg4 4.e3 c6 5.Nc3 Nbd7 6.h3 Bxf3 7.Qxf3 e5 8.d5 Rc8
9.dxc6 bxc6 10.Bd3 g6 11.O-O Bg7 12.b4 O-O 13.Rb1 Re8 14.Rd1 Qe7 15.Be4 Nb6
16.Qe2 Red8 17.Bc2 d5 18.c5 Nbd7 19.e4 d4 20.Na4 Nf8 21.Nb2 Ne6 22.Nc4 Ne8
23.g3 Qf6 24.Bd3 Bf8 25.Rf1 N6c7 26.a4 Qe6 27.Kg2 Nf6 28.f4 exf4 29.Bxf4 Nh5
30.Bd2 Re8 31.Qf3 Qd7 32.Rbe1 Re6 33.e5 Nd5 34.Nd6 Bxd6 35.exd6 Rce8 36.Rxe6
Rxe6 37.b5 Ne3+ 38.Bxe3 Rxe3 39.bxc6 Qe6 40.d7 Qe7 41.Qxf7+ {#r} 1-0